Normal view
MARC view
- Cueto, Ana María del
Entry Nombre Personal
001 - NUMERO DE CONTROL
- campo de control: 42635
003 - IDENTIFICADOR DE NUMERO DE CONTROL
- campo de control: UPN
005 - FECHA Y HORA DE LA ÜLTIMA TRANSACCIÓN
- campo de control: 20210219194622.0
008 - DATOS DE LONGITUD FIJA
- campo de control de longitud fija: nabaccnnaabn|||||||||| b |nc|||||d
035 ## - NUMERO DE CONTROL
- Número de control: UPN11000014742
040 ## - FUENTE DE CATALOGACIÓN
- Lenguaje de catalogación: SPA
- Agencia de transcripción: UPN
100 1# - ENCABEZAMIENTO - NOMBRE PERSONAL
- Nombre personal: Cueto, Ana María del
670 ## - FUENTE EN LA QUE SE LOCALIZARON DATOS
- Cita de la fuente: T
- Uniform Resource Identifier: http://www.fce.com.ar/ar/autores/autor_detalle.aspx?idAutor=3147
680 ## - NOTA PUBLICA DE ACCESO PÚBLICO
- Frase explicativa de la referencia: Psicóloga por la Universidad de Buenos Aires. Psicoanalista y analista institucional. Profra. en la Facultad de Psicología de la Universidad Nacional de La Plata
902 ## - CATALOGADOR
- Catalogador: EMR/230519
